[Event "Montreal Perce Neige"]
[Site "Montreal"]
[Date "2019.03.31"]
[Round "3.5"]
[White "Lesage, Philippe"]
[Black "Paduano, Gennaro"]
[Result "1/2-1/2"]
[WhiteElo "1845"]
[BlackElo "1951"]
[PlyCount "62"]
[EventDate "2019.03.30"]
[EventType "swiss"]
[EventRounds "4"]
[EventCountry "CAN"]
[SourceTitle "EXT 2022"]
[Source "ChessBase"]
[SourceDate "2021.10.06"]
[SourceVersion "1"]
[SourceVersionDate "2021.10.06"]
[SourceQuality "1"]

1. c4 e5 2. Nc3 Nc6 3. Nf3 Bc5 4. e3 d6 5. a3 a5 6. d4 Ba7 7. dxe5 dxe5 8. Qxd8+ Kxd8 9. Ng5 Nh6 10. Nb5 f6 11. Nxa7 Rxa7 12. Nf3 a4 13. Bd2 Be6 14. Be2 Na5 15. Bxa5 Rxa5 16. Rd1+ Ke7 17. 0-0 Rd8 18. Rxd8 Kxd8 19. Rd1+ Ke7 20. Nd2 Nf7 21. Rc1 b6 22. Ne4 Nd6 23. Nxd6 Kxd6 24. Kf1 Kc5 25. Ke1 Ra8 26. Kd2 Rd8+ 27. Kc3 f5 28. Rd1 Rxd1 29. Bxd1 Bxc4 30. Bxa4 Bf1 31. g3 b5 1/2-1/2

[Event "Montreal Perce Neige"]
[Site "Montreal"]
[Date "2019.03.30"]
[Round "2.5"]
[White "Paduano, Gennaro"]
[Black "Vezeau, Jonathan"]
[Result "1/2-1/2"]
[WhiteElo "1951"]
[BlackElo "2057"]
[PlyCount "110"]
[EventDate "2019.03.30"]
[EventType "swiss"]
[EventRounds "4"]
[EventCountry "CAN"]
[SourceTitle "EXT 2022"]
[Source "ChessBase"]
[SourceDate "2021.10.06"]
[SourceVersion "1"]
[SourceVersionDate "2021.10.06"]
[SourceQuality "1"]

1. e4 e5 2. Nf3 Nc6 3. d4 exd4 4. Nxd4 Bc5 5. Be3 Qf6 6. c3 Nge7 7. Bc4 Ne5 8. Be2 d6 9. 0-0 0-0 10. f4 N5c6 11. Nc2 Bb6 12. Nd2 Ng6 13. g3 Re8 14. Bxb6 axb6 15. Ne3 Qd8 16. f5 Nge5 17. f6 g6 18. g4 h6 19. Qe1 Kh7 20. g5 Rh8 21. h4 hxg5 22. hxg5 Kg8 23. Rf4 Qd7 24. Rh4 Rxh4 25. Qxh4 Qh3 26. Qxh3 Bxh3 27. Nd5 Be6 28. Nxc7 Rxa2 29. Rxa2 Bxa2 30. b3 Na5 31. Bd1 Nd3 32. Nb5 Nc1 33. Nxd6 Ncxb3 34. Bxb3 Bxb3 35. Kf2 Be6 36. Ke3 Kf8 37. Kf4 Ba2 38. Nf3 Be6 39. Nd4 Bd7 40. e5 Bh3 41. e6 fxe6 42. Ke5 Nc6+ 43. Nxc6 bxc6 44. Nc4 b5 45. Ne3 c5 46. Kd6 b4 47. Kxc5 bxc3 48. Kc4 e5 49. Kxc3 Kf7 50. Kb4 Bd7 51. Kc5 Ke6 52. Ng4 Ba4 53. Nxe5 Bb3 54. Nc6 Kf5 55. Ne7+ Kxg5 1/2-1/2

[Event "Salerno op"]
[Site "Salerno "]
[Date "2012.01.28"]
[Round "3"]
[White "Panariello, Francesco"]
[Black "Paduano, Gennaro"]
[Result "1-0"]
[WhiteElo "1756"]
[BlackElo "1858"]
[PlyCount "87"]
[EventDate "2012.01.27"]
[EventType "swiss"]
[EventRounds "6"]
[EventCountry "ITA"]
[SourceTitle "EXT 2014"]
[Source "ChessBase"]
[SourceDate "2013.11.20"]
[SourceVersion "1"]
[SourceVersionDate "2013.11.20"]
[SourceQuality "1"]

1. d4 d5 2. Nf3 Nf6 3. e3 e6 4. Bd3 Bd6 5. b3 0-0 6. Bb2 Nbd7 7. Nbd2 c6 8. 0-0 Qc7 9. c4 c5 10. Re1 Qb8 11. Qe2 a6 12. Rf1 b5 13. Ba3 b4 14. Bb2 a5 15. cxd5 exd5 16. e4 dxe4 17. Nxe4 Nxe4 18. Qxe4 Nf6 19. Qh4 Bf4 20. dxc5 Bh6 21. Bxf6 Qf4 22. Qxf4 Bxf4 23. Be7 Re8 24. Rae1 Bd7 25. Bd6 Bxd6 26. cxd6 Red8 27. Ne5 Be6 28. Nc6 Rd7 29. Ne5 Rdd8 30. Bc4 Bxc4 31. Nxc4 a4 32. Nb6 axb3 33. Nxa8 bxa2 34. Re3 Rxa8 35. Ra1 g6 36. Rb3 Rd8 37. Rxb4 Rxd6 38. Ra4 h5 39. g3 Kg7 40. R1xa2 g5 41. h4 g4 42. Ra5 Rh6 43. Rg5+ Kf8 44. Raa5 1-0

[Event "Salerno op"]
[Site "Salerno "]
[Date "2012.01.27"]
[Round "1"]
[White "Messina, Enrico"]
[Black "Paduano, Gennaro"]
[Result "1-0"]
[WhiteElo "2139"]
[BlackElo "1858"]
[PlyCount "45"]
[EventDate "2012.01.27"]
[EventType "swiss"]
[EventRounds "6"]
[EventCountry "ITA"]
[SourceTitle "EXT 2014"]
[Source "ChessBase"]
[SourceDate "2013.11.20"]
[SourceVersion "1"]
[SourceVersionDate "2013.11.20"]
[SourceQuality "1"]

1. e4 c5 2. d4 cxd4 3. c3 dxc3 4. Nxc3 Nc6 5. Bc4 e6 6. Nf3 Qc7 7. 0-0 Nf6 8. Nb5 Qb8 9. e5 Nxe5 10. Nxe5 Qxe5 11. Re1 Qb8 12. Qd4 Nh5 13. Bg5 b6 14. Bd5 Bb7 15. Rac1 Bc5 16. Rxc5 bxc5 17. Qxc5 Nf6 18. Bxb7 h6 19. Bxf6 gxf6 20. Bxa8 Kd8 21. Rd1 Rg8 22. Bc6 d5 23. Bxd5 1-0

[Event "Porto San Giorgio op 23rd"]
[Site "Porto San Giorgio"]
[Date "2011.08.27"]
[Round "8"]
[White "Mantovani, Enrico"]
[Black "Paduano, Gennaro"]
[Result "1-0"]
[WhiteElo "1758"]
[BlackElo "1859"]
[PlyCount "81"]
[EventDate "2011.08.21"]
[EventType "swiss"]
[EventRounds "9"]
[EventCountry "ITA"]
[SourceTitle "CBM 144 Extra"]
[Source "ChessBase"]
[SourceDate "2011.10.28"]
[SourceVersion "1"]
[SourceVersionDate "2011.10.28"]
[SourceQuality "1"]

1. d4 g6 2. c4 Bg7 3. Nc3 c5 4. d5 Bxc3+ 5. bxc3 f5 6. Qc2 Nf6 7. f3 d6 8. e4 0-0 9. Bd3 fxe4 10. fxe4 Nbd7 11. Nf3 Ng4 12. 0-0 Nge5 13. Be2 Rf7 14. Bh6 Ng4 15. Bd2 Nge5 16. Ng5 Rxf1+ 17. Rxf1 Nb6 18. Bc1 Nbxc4 19. Bxc4 Nxc4 20. Qf2 Ne5 21. Qh4 h5 22. Ne6 Bxe6 23. dxe6 Qc7 24. Bh6 b5 25. Qg5 Kh7 26. Bf8 Rxf8 27. Rxf8 c4 28. h3 b4 29. Re8 bxc3 30. Rxe7+ Qxe7 31. Qxe7+ Kh6 32. Qf8+ Kg5 33. Qf2 Nd3 34. Qc2 Kf6 35. Qxc3+ Ne5 36. Kf2 Kxe6 37. Ke3 g5 38. Kd4 g4 39. Qa3 h4 40. hxg4 a5 41. g5 1-0

[Event "Porto San Giorgio op 23rd"]
[Site "Porto San Giorgio"]
[Date "2011.08.24"]
[Round "5"]
[White "Paduano, Gennaro"]
[Black "Maksimovic, Miodrag"]
[Result "0-1"]
[WhiteElo "1859"]
[BlackElo "2068"]
[PlyCount "102"]
[EventDate "2011.08.21"]
[EventType "swiss"]
[EventRounds "9"]
[EventCountry "ITA"]
[SourceTitle "CBM 144 Extra"]
[Source "ChessBase"]
[SourceDate "2011.10.28"]
[SourceVersion "1"]
[SourceVersionDate "2011.10.28"]
[SourceQuality "1"]

1. e4 e6 2. d4 d5 3. e5 c5 4. Nf3 Nc6 5. Bd3 cxd4 6. 0-0 Bd7 7. a3 f6 8. Bf4 fxe5 9. Nxe5 Nf6 10. Re1 Bc5 11. Nd2 0-0 12. Qe2 Re8 13. Nf1 Bd6 14. Ng3 Qc7 15. Nh5 Nxe5 16. Bxe5 Bxe5 17. Qxe5 Qxe5 18. Rxe5 Nxh5 19. Rxh5 g6 20. Re5 Rac8 21. h4 Kg7 22. h5 a5 23. g3 Rg8 24. Kg2 Kf6 25. Rae1 a4 26. f4 Rg7 27. hxg6 hxg6 28. Rh1 Rcg8 29. Rh6 Ke7 30. Rg5 Be8 31. Kf3 Bf7 32. Bb5 Ra8 33. Bd3 Kf6 34. Rh2 Rgg8 35. Rh6 Rh8 36. Rxh8 Rxh8 37. Kg2 Rc8 38. Re5 Rc6 39. Re1 Rb6 40. Rb1 g5 41. b4 Bg6 42. b5 e5 43. fxe5+ Kxe5 44. Rb4 Be4+ 45. Kg1 Rf6 46. Bxe4 dxe4 47. Rxa4 e3 48. Rb4 Rf2 49. a4 Rxc2 50. a5 d3 51. a6 d2 0-1

[Event "Bisaccia op 2nd"]
[Site "Bisaccia"]
[Date "2010.05.30"]
[Round "3"]
[White "Paduano, Gennaro"]
[Black "Gentile, Leonardo"]
[Result "1-0"]
[WhiteElo "1946"]
[BlackElo "1816"]
[PlyCount "55"]
[EventDate "2010.05.29"]
[EventType "swiss"]
[EventRounds "7"]
[EventCountry "ITA"]
[SourceTitle "EXT 2024"]
[Source "ChessBase"]
[SourceDate "2023.10.10"]
[SourceVersion "1"]
[SourceVersionDate "2023.10.10"]
[SourceQuality "1"]

1. e4 e5 2. Nf3 Nc6 3. Bb5 d6 4. c3 Bd7 5. 0-0 Nf6 6. Re1 Be7 7. h3 a6 8. Ba4 0-0 9. d4 b5 10. Bc2 Qc8 11. Nbd2 Rd8 12. Nf1 b4 13. Ng3 a5 14. Bb3 Qb7 15. Bxf7+ Kxf7 16. Qb3+ d5 17. exd5 a4 18. dxc6+ axb3 19. cxb7 Rxa2 20. Nxe5+ Kf8 21. Bg5 Ke8 22. c4 Rb8 23. c5 c6 24. Nc4 Rxb7 25. Nd6+ Kf8 26. Nxb7 Rxb2 27. Rab1 Rd2 28. Bxd2 1-0

[Event "Bisaccia op 2nd"]
[Site "Bisaccia"]
[Date "2010.05.29"]
[Round "1"]
[White "Paduano, Gennaro"]
[Black "Aleksic, Nenad"]
[Result "0-1"]
[WhiteElo "1946"]
[BlackElo "2372"]
[PlyCount "77"]
[EventDate "2010.05.29"]
[EventType "swiss"]
[EventRounds "7"]
[EventCountry "ITA"]
[SourceTitle "EXT 2024"]
[Source "ChessBase"]
[SourceDate "2023.10.10"]
[SourceVersion "1"]
[SourceVersionDate "2023.10.10"]
[SourceQuality "1"]

1. e4 c5 2. c3 b6 3. d4 Bb7 4. d5 Nf6 5. Bd3 e6 6. c4 exd5 7. exd5 b5 8. Nf3 Be7 9. 0-0 bxc4 10. Bxc4 d6 11. Nc3 0-0 12. Re1 Nbd7 13. Bf4 Nb6 14. b3 a6 15. Rb1 Re8 16. Qd2 Qd7 17. Ng5 Rad8 18. Re3 Qf5 19. Rf3 h6 20. Be3 Qe5 21. Re1 Bf8 22. Nh3 Nfxd5 23. Nxd5 Bxd5 24. Bxd5 Nxd5 25. Rd1 Nxe3 26. Rxe3 Qf5 27. Rg3 Qe4 28. Nf4 a5 29. Re3 Qxf4 30. Rxe8 Qxd2 31. Rxf8+ Kxf8 32. Rxd2 Ke7 33. f3 Kd7 34. Kf2 Kc6 35. h4 d5 36. g3 d4 37. Rd3 Kd5 38. a3 a4 39. g4 0-1

[Event "Giugliano op 4th"]
[Site "Giugliano"]
[Date "2009.09.18"]
[Round "1"]
[White "Sellitti, Federico"]
[Black "Paduano, Gennaro"]
[Result "1-0"]
[WhiteElo "2148"]
[BlackElo "1593"]
[PlyCount "61"]
[EventDate "2009.09.18"]
[EventType "swiss"]
[EventRounds "6"]
[EventCountry "ITA"]
[SourceTitle "EXT 2012"]
[Source "ChessBase"]
[SourceDate "2011.11.24"]
[SourceVersion "1"]
[SourceVersionDate "2011.11.24"]
[SourceQuality "1"]

1. e4 c5 2. Nf3 e6 3. d3 d6 4. g3 Nc6 5. Bg2 Nf6 6. 0-0 Be7 7. c3 0-0 8. h3 Ne8 9. a4 Rb8 10. Nh2 e5 11. f4 f5 12. Nf3 fxe4 13. dxe4 Nf6 14. f5 Nxe4 15. Qd5+ Kh8 16. Qxe4 Bxf5 17. Qe2 Qc7 18. Na3 e4 19. Ng5 d5 20. Bf4 Qc8 21. Bxb8 Qxb8 22. g4 Bxg5 23. gxf5 Ne5 24. c4 d4 25. Qxe4 Be3+ 26. Kh1 b6 27. Rae1 Re8 28. Qh4 Nd3 29. f6 g6 30. f7 Rf8 31. Qf6# 1-0

[Event "Montreal Premiere Neige"]
[Site "Montreal"]
[Date "2003.12.14"]
[Round "5"]
[White "Paduano, Gennaro"]
[Black "McDonough, Jonathan"]
[Result "1/2-1/2"]
[WhiteElo "1936"]
[BlackElo "2076"]
[PlyCount "51"]
[EventDate "2003.12.??"]
[EventType "swiss"]
[EventRounds "5"]
[EventCountry "CAN"]
[SourceTitle "EXT 2006"]
[Source "ChessBase"]
[SourceDate "2005.11.24"]
[SourceVersion "1"]
[SourceVersionDate "2005.11.24"]
[SourceQuality "1"]

1. d4 e6 2. c4 d5 3. Nc3 Be7 4. Nf3 Nf6 5. g3 0-0 6. Bg2 dxc4 7. 0-0 c5 8. dxc5 Qc7 9. Bf4 Qxc5 10. Qc2 Nc6 11. Ne4 Nxe4 12. Qxe4 f5 13. Qe3 Qxe3 14. Bxe3 Bd7 15. Rfd1 Rad8 16. Nd4 Nxd4 17. Rxd4 b5 18. Rad1 Bc8 19. Rxd8 Rxd8 20. Rxd8+ Bxd8 21. Bxa7 Bf6 22. b3 Bd7 23. Kf1 c3 24. Ke1 e5 25. Bd5+ Kf8 26. b4 1/2-1/2

[Event "Quebec-ch classe U2000"]
[Site "Repentigny"]
[Date "2003.11.23"]
[Round "5"]
[White "Rodriguez, Herver W"]
[Black "Paduano, Gennaro"]
[Result "0-1"]
[WhiteElo "1848"]
[BlackElo "1820"]
[PlyCount "36"]
[EventDate "2003.11.21"]
[EventType "swiss"]
[EventRounds "5"]
[EventCountry "CAN"]
[SourceTitle "EXT 2022"]
[Source "ChessBase"]
[SourceDate "2021.10.06"]
[SourceVersion "1"]
[SourceVersionDate "2021.10.06"]
[SourceQuality "1"]

1. e4 e5 2. Nf3 Nc6 3. Bb5 Nd4 4. Nxd4 exd4 5. c3 Qg5 6. Bf1 Qg6 7. d3 Bc5 8. b4 Be7 9. a3 d5 10. exd5 Nf6 11. c4 0-0 12. Ra2 Re8 13. Re2 Bf5 14. Re5 Bxb4+ 15. axb4 Rxe5+ 16. Kd2 b5 17. Na3 bxc4 18. dxc4 Ne4+ 0-1

[Event "Quebec-ch classe U2000"]
[Site "Repentigny"]
[Date "2003.11.21"]
[Round "1"]
[White "Paduano, Gennaro"]
[Black "Lalonde, Paul"]
[Result "1-0"]
[WhiteElo "1820"]
[BlackElo "1979"]
[PlyCount "77"]
[EventDate "2003.11.21"]
[EventType "swiss"]
[EventRounds "5"]
[EventCountry "CAN"]
[SourceTitle "EXT 2022"]
[Source "ChessBase"]
[SourceDate "2021.10.06"]
[SourceVersion "1"]
[SourceVersionDate "2021.10.06"]
[SourceQuality "1"]

1. e4 c6 2. d4 d5 3. e5 Bf5 4. g4 Bg6 5. Nc3 e6 6. h4 h6 7. Nge2 Bb4 8. Nf4 Ne7 9. a3 Ba5 10. b4 Bc7 11. Bd3 Bxd3 12. Qxd3 Nd7 13. Nh5 g6 14. Ng3 a5 15. Rb1 axb4 16. axb4 b5 17. f4 Nf8 18. Nce2 Kd7 19. h5 Kc8 20. hxg6 fxg6 21. f5 gxf5 22. gxf5 exf5 23. Nxf5 Qd7 24. Nxe7+ Qxe7 25. Qf5+ Kb7 26. Bg5 Qg7 27. Qf6 Qxf6 28. Bxf6 Rh7 29. Nf4 Nd7 30. Nh5 Bb6 31. Rh4 Rg8 32. Kf2 Rf8 33. Ke2 Ra8 34. Kd3 Rf8 35. Ke3 Nxf6 36. Nxf6 Rg7 37. Rd1 Rg6 38. Rd3 Rd8 39. Rf4 1-0

[Event "Sherbrooke Estrie op"]
[Site "Sherbrooke"]
[Date "1999.12.03"]
[Round "1"]
[White "Paduano, Gennaro"]
[Black "Morin, Louis"]
[Result "0-1"]
[WhiteElo "1699"]
[BlackElo "1879"]
[PlyCount "65"]
[EventDate "1999.12.03"]
[EventType "swiss"]
[EventRounds "5"]
[EventCountry "CAN"]
[SourceTitle "EXT 2022"]
[Source "ChessBase"]
[SourceDate "2021.10.06"]
[SourceVersion "1"]
[SourceVersionDate "2021.10.06"]
[SourceQuality "1"]

1. e4 e5 2. Nf3 d6 3. d4 Nf6 4. Nc3 Nbd7 5. Bc4 Be7 6. 0-0 0-0 7. h3 c6 8. dxe5 dxe5 9. Qe2 b5 10. Bb3 Bb7 11. Bg5 h6 12. Bxf6 Bxf6 13. a3 Qe7 14. Rfe1 Nc5 15. Ba2 Ne6 16. Nd1 Nf4 17. Qf1 Bc8 18. Ne3 g6 19. Ng4 h5 20. Nxf6+ Qxf6 21. Re3 g5 22. Nh2 Kh7 23. Qe1 Rg8 24. g3 Bxh3 25. Rd1 Qg6 26. Qb4 Rad8 27. Rxd8 Rxd8 28. Re1 Rd4 29. Qe7 Ne2+ 30. Rxe2 Rd1+ 31. Nf1 Bxf1 32. Qxf7+ Qxf7 33. Bxf7 0-1